000 00382nam a2200169Ia 4500
003 0100
008 130303s9999 xx 000 0 und d
040 _cARRUPELIB
050 _aRC81.F24 1959
100 _aSchifferes, Justus J
245 _aSchifferes' Family Medical Encyclopedia
260 _aNY
260 _bPocket Books
260 _C1959
300 _a619p
942 0 0 _01
999 _c47685
_d47685